د يو ا ن عا و ج (Record no. 92372)
[ view plain ]
| 000 -LEADER | |
|---|---|
| fixed length control field | 00682nam a22002177a 4500 |
| 005 - DATE AND TIME OF LATEST TRANSACTION | |
| control field | 20150320155053.0 |
| 008 - FIXED-LENGTH DATA ELEMENTS--GENERAL INFORMATION | |
| fixed length control field | 140714b xxu||||| |||| 00| 0 Urdu d |
| 010 ## - LCCN (DPL NO) | |
| LC control number | UR-8757 |
| 020 q# - INTERNATIONAL STANDARD BOOK NUMBER | |
| Terms of availability | 300.00 |
| 035 ## - SYSTEM CONTROL NUMBER | |
| System control number | U-7312 |
| 037 ## - SOURCE OF ACQUISITION | |
| Source of stock number/acquisition | DBAD/Pub. |
| 040 ## - CATALOGING SOURCE | |
| Original cataloging agency | DPL |
| Language of cataloging | Urdu |
| 082 ## - DEWEY DECIMAL CLASSIFICATION NUMBER | |
| Classification number | 841 |
| 100 ## - MAIN ENTRY--PERSONAL NAME | |
| Personal name | محمد ا بر ا ہيم عا ر ج |
| 245 ## - TITLE STATEMENT | |
| Title | د يو ا ن عا و ج |
| Remainder of title | محمد ا بر ا ہيم عا ر ج |
| 246 ## - VARYING FORM OF TITLE | |
| Title proper/short title | Deewan-e-Aarij |
| Remainder of title | BY Mohd. Jbrahim Aarij |
| 260 ## - PUBLICATION, DISTRIBUTION, ETC. (IMPRINT) | |
| Place of publication, distribution, etc | Dhule-424001 (M.S.) |
| Name of publisher, distributor, etc | Arbab Zaman |
| Date of publication, distribution, etc | 2013 |
| 270 ## - ADDRESS | |
| Address | Aarij Manzil,Iqbal Road,Lane No.1,Bara Paththar |
| 300 ## - PHYSICAL DESCRIPTION | |
| Extent | 289ص |
| Other physical details | 22Cm.(Pb.) |
| 942 ## - ADDED ENTRY ELEMENTS (KOHA) | |
| Source of classification or shelving scheme | Dewey Decimal Classification |
| Item type | Urdu Bks |
| Classification part | 841 |
| Call number suffix | م ح م |
No items available.
